Capitals Beginning with G and H - Statistics

General Stats
  • This quiz has been taken 550 times
    542 since last reset
  • The average score is 6 of 9
Answer Stats
Capital % Correct
Georgetown
80%
Helsinki
78%
Hanoi
74%
Gaborone
69%
Havana
68%
Guatemala City
65%
Harare
65%
Honiara
63%
Gitega
59%
No matching quizzes found
Score Distribution
Percent of People with Each Score
Percentile by Number Answered
Your Score History
You have not taken this quiz since the last reset